<?xml version='1.0' encoding='UTF-8'?>
  <record xmlns="http://www.loc.gov/MARC21/slim">
    <leader>00000cam a22000007i 4500</leader>
    <controlfield tag="001">ocn769276698</controlfield>
    <controlfield tag="003">OCoLC</controlfield>
    <controlfield tag="005">20240916183045.3</controlfield>
    <controlfield tag="008">870327s1898    ne            000 0 dut d</controlfield>
    <datafield tag="040" ind1=" " ind2=" ">
      <subfield code="a">NLGGC</subfield>
      <subfield code="b">dut</subfield>
      <subfield code="e">fobidrtb</subfield>
      <subfield code="c">NLGGC</subfield>
      <subfield code="d">OCLCO</subfield>
      <subfield code="d">OCLCQ</subfield>
      <subfield code="d">OCLCL</subfield>
      <subfield code="d">OCLCQ</subfield>
    </datafield>
    <datafield tag="029" ind1="0" ind2=" ">
      <subfield code="a">NLGGC</subfield>
      <subfield code="b">037127462</subfield>
    </datafield>
    <datafield tag="035" ind1=" " ind2=" ">
      <subfield code="a">(OCoLC)769276698</subfield>
    </datafield>
    <datafield tag="082" ind1="0" ind2="4">
      <subfield code="a">633.6193</subfield>
      <subfield code="q">OCoLC</subfield>
    </datafield>
    <datafield tag="100" ind1="1" ind2=" ">
      <subfield code="a">Wakker, J.H.</subfield>
      <subfield code="q">(Jan Hendrik),</subfield>
      <subfield code="d">1859-1927.</subfield>
      <subfield code="1">https://id.oclc.org/worldcat/entity/E39PBJvhk7tvpHb68MVk7XGvHC</subfield>
    </datafield>
    <datafield tag="245" ind1="1" ind2="3">
      <subfield code="a">De ziekten van het suikerriet op Java /</subfield>
      <subfield code="c">door J.H. Wakker en F.A.F.C. Went</subfield>
      <subfield code="n">Dl. I,</subfield>
      <subfield code="p">Ziekten, die niet door dieren veroorzaakt worden.</subfield>
    </datafield>
    <datafield tag="260" ind1=" " ind2=" ">
      <subfield code="a">Leiden :</subfield>
      <subfield code="b">Brill,</subfield>
      <subfield code="c">1898.</subfield>
    </datafield>
    <datafield tag="300" ind1=" " ind2=" ">
      <subfield code="a">viii, 217 p., xxv p. pl. :</subfield>
      <subfield code="b">ill. ;</subfield>
      <subfield code="c">26 cm.</subfield>
    </datafield>
    <datafield tag="336" ind1=" " ind2=" ">
      <subfield code="a">tekst</subfield>
      <subfield code="b">txt</subfield>
      <subfield code="2">rdacontent/dut</subfield>
    </datafield>
    <datafield tag="337" ind1=" " ind2=" ">
      <subfield code="a">zonder medium</subfield>
      <subfield code="b">n</subfield>
      <subfield code="2">rdamedia/dut</subfield>
    </datafield>
    <datafield tag="338" ind1=" " ind2=" ">
      <subfield code="a">band</subfield>
      <subfield code="b">nc</subfield>
      <subfield code="2">rdacarrier/dut</subfield>
    </datafield>
    <datafield tag="504" ind1=" " ind2=" ">
      <subfield code="a">Met lit.opg. en index.</subfield>
    </datafield>
    <datafield tag="530" ind1=" " ind2=" ">
      <subfield code="a">Ook beschikbaar in microvorm.</subfield>
    </datafield>
    <datafield tag="530" ind1=" " ind2=" ">
      <subfield code="a">Titel is geselecteerd voor digitalisering voor de Universiteit van Leiden in het kader van het Google Books-project.</subfield>
    </datafield>
    <datafield tag="700" ind1="1" ind2=" ">
      <subfield code="a">Went, F.A.F.C.</subfield>
      <subfield code="q">(Friedrich August Ferdinand Christian),</subfield>
      <subfield code="d">1863-1935.</subfield>
      <subfield code="1">https://id.oclc.org/worldcat/entity/E39PCjHdWmmyHPxR8FGmtQRjwd</subfield>
    </datafield>
    <datafield tag="758" ind1=" " ind2=" ">
      <subfield code="a">De ziekten van het suikerriet op Java (Text)</subfield>
      <subfield code="1">https://id.oclc.org/worldcat/entity/E39PCGWr7QfKdby86Bc7ppwVyb</subfield>
      <subfield code="4">https://id.oclc.org/worldcat/ontology/hasWork</subfield>
    </datafield>
    <datafield tag="773" ind1="0" ind2="8">
      <subfield code="7">nnam</subfield>
      <subfield code="i">(MP)</subfield>
      <subfield code="t">De ziekten van het suikerriet op Java</subfield>
      <subfield code="w">(NL-LeOCL)037127292</subfield>
    </datafield>
    <datafield tag="776" ind1="0" ind2=" ">
      <subfield code="t">De ziekten van het suikerriet op Java</subfield>
      <subfield code="w">(NL-LeOCL)43265996X</subfield>
    </datafield>
    <datafield tag="776" ind1="0" ind2=" ">
      <subfield code="t">De ziekten van het suikerriet op Java</subfield>
      <subfield code="w">(NL-LeOCL)432659978</subfield>
    </datafield>
    <datafield tag="776" ind1="0" ind2=" ">
      <subfield code="t">De ziekten van het suikerriet op Java</subfield>
      <subfield code="w">(NL-LeOCL)432786716</subfield>
    </datafield>
    <datafield tag="776" ind1="0" ind2=" ">
      <subfield code="t">De ziekten van het suikerriet op Java</subfield>
      <subfield code="w">(NL-LeOCL)432786724</subfield>
    </datafield>
    <datafield tag="936" ind1=" " ind2=" ">
      <subfield code="a">BATCHLOAD</subfield>
    </datafield>
  </record>